[Event "Mogi Guacu op"]
[Site "Mogi Guacu"]
[Date "2022.09.24"]
[Round "2"]
[White "Lena, Daniel Carlos"]
[Black "De Almeida, Lelio Tavares"]
[Result "0-1"]
[WhiteElo "1800"]
[BlackElo "1800"]
[PlyCount "68"]
[EventDate "2022.09.23"]
[EventType "swiss"]
[EventRounds "6"]
[EventCountry "BRA"]
[SourceTitle "EXT 2023"]
[Source "ChessBase"]
[SourceDate "2022.10.05"]
[SourceVersion "1"]
[SourceVersionDate "2022.10.05"]
[SourceQuality "1"]

1. d4 c6 2. c4 d5 3. Nf3 Bf5 4. cxd5 cxd5 5. e3 Nc6 6. Bb5 e6 7. Ne5 Nge7 8. 0-0 a6 9. Ba4 b5 10. Bb3 Rc8 11. Nxc6 Nxc6 12. a3 Bd6 13. Qe2 0-0 14. a4 Nb4 15. Na3 Bd3 16. Qd1 Bxf1 17. Qxf1 bxa4 18. Bxa4 a5 19. Nb5 Bb8 20. Bd2 Qf6 21. Re1 Nc6 22. e4 Nxd4 23. e5 Bxe5 24. f4 Bb8 25. Bxa5 Rc4 26. b3 Rc2 27. Bb4 Rfc8 28. Na3 Ra2 29. Kh1 Bxf4 30. Qa6 Rb8 31. Rf1 h6 32. Bd6 e5 33. g3 Qg6 34. Bxb8 Qe4+ 0-1

[Event "Mogi Guacu op"]
[Site "Mogi Guacu"]
[Date "2022.05.01"]
[Round "5"]
[White "Lena, Daniel Carlos"]
[Black "Caetano, Heitor Luiz"]
[Result "0-1"]
[WhiteElo "1657"]
[BlackElo "1801"]
[PlyCount "76"]
[EventDate "2022.04.29"]
[EventType "swiss"]
[EventRounds "6"]
[EventCountry "BRA"]
[SourceTitle "CBM 208 Extra"]
[Source "ChessBase"]
[SourceDate "2022.07.31"]
[SourceVersion "1"]
[SourceVersionDate "2022.07.31"]
[SourceQuality "1"]

1. d4 e5 2. e3 Nc6 3. dxe5 Nxe5 4. Nf3 Nxf3+ 5. Qxf3 Nf6 6. Bc4 Bb4+ 7. c3 Ba5 8. b4 Bb6 9. 0-0 0-0 10. Nd2 d5 11. Bd3 c6 12. h3 Bc7 13. g3 Bxh3 14. Re1 Be5 15. Bb2 Re8 16. Bf5 Bxf5 17. Qxf5 g6 18. Qg5 Ne4 19. Qxd8 Raxd8 20. Nxe4 dxe4 21. f4 exf3 22. Rf1 f2+ 23. Kxf2 Rd2+ 24. Kg1 Rxb2 25. a4 Bxc3 26. Ra3 Rxe3 27. Kh1 Rxg3 28. Rd1 Rh3+ 29. Kg1 Bd4+ 30. Rxd4 Rxa3 31. Rd8+ Kg7 32. Rd1 Rxa4 33. Kf1 Raxb4 34. Ke1 Rb1 35. Rxb1 Rxb1+ 36. Kd2 a5 37. Kc2 Rb6 38. Kd1 a4 0-1